| Tag |
First Indicator |
Second Indicator |
Subfields |
| LEADER |
00000cam a22000001a 4500 |
| 001 |
in00003373608 |
| 006 |
m d f |
| 007 |
cr bn mmmapmmp |
| 008 |
100616s1985 dcu o f000 0 eng d |
| 005 |
20260430155709.5 |
| 035 |
|
|
|a cis2007879649
|
| 040 |
|
|
|a ProQuest
|c ProQuest
|d UtOrBLW
|
| 043 |
|
|
|a n-us---
|
| 099 |
|
|
|a CRS-1985-AML-0009
|
| 110 |
2 |
|
|a Library of Congress.
|b Congressional Research Service.
|
| 245 |
1 |
0 |
|a Polygraph Testing of Employees in Private Industry.
|
| 264 |
|
1 |
|a [Place of publication not identified] :
|b [publisher not identified],
|c 1985.
|
| 300 |
|
|
|a 1 online resource.
|
| 336 |
|
|
|a text
|b txt
|2 rdacontent
|
| 337 |
|
|
|a computer
|b c
|2 rdamedia
|
| 338 |
|
|
|a online resource
|b cr
|2 rdacarrier
|
| 500 |
|
|
|a Record is based on bibliographic data in ProQuest U.S. Congressional Research Digital Collection (last viewed June 2010). Reuse except for individual research requires license from ProQuest, LLC.
|
| 500 |
|
|
|a CRS Report.
|
| 520 |
|
|
|a Examines legal issues regarding the use of polygraph tests to screen potential employees, including privacy rights, testing credibility, and use in labor arbitration. Also describes the polygraph testing process, reviews related decisions by the National Labor Relations Board, and summarizes pending Federal legislation and current State statutes.
|
| 500 |
|
|
|a Electronic resource.
|
| 650 |
|
0 |
|a Industrial relations.
|
| 650 |
|
0 |
|a Lie detectors and detection.
|
| 650 |
|
0 |
|a Privacy, Right of.
|
| 655 |
|
7 |
|a Electronic books.
|2 local
|
| 710 |
2 |
|
|a ProQuest (Firm)
|
| 776 |
0 |
8 |
|i Microfiche version:
|a Library of Congress. Congressional Research Service.
|t Polygraph Testing of Employees in Private Industry
|
| 830 |
|
0 |
|a U.S. Congressional Research.
|
| 856 |
4 |
0 |
|u http://proxy.library.tamu.edu/login?url=https://congressional.proquest.com/congcomp/getdoc?CRDC-ID=CRS-1985-AML-0009
|z Connect to the full text of this electronic book
|t 0
|
| 999 |
|
|
|a MARS
|
| 999 |
f |
f |
|s 2532275e-489c-3a55-bed7-75c65453f518
|i 558a617a-c1a3-3e30-90c9-e0b228b56447
|t 0
|
| 952 |
f |
f |
|a Texas A&M University
|b College Station
|c Electronic Resources
|s www_evans
|d Available Online
|t 0
|e CRS-1985-AML-0009
|h Other scheme
|
| 998 |
f |
f |
|a CRS-1985-AML-0009
|t 0
|l Available Online
|